000 004400000a22001810004500
003 MACL
005 20151219124030.0
008 151219b xxu||||| |||| 00| 0 eng d
040 _aMACL
_cMACL
041 _aEnglish
082 _a346.03 RAN
100 _aRanchhoddas, Ratanlal
_921263
245 _aThe Law of Torts
260 _bWadhwa & Company
_c1987
350 _a250
650 _aPrivate Law
_921264
942 _cBK
_k346.03/RAN
_2ddc
999 _c40863
_d40863